Manual de direito tributário / (Record no. 726)

MARC details
000 -LÍDER
Campo Fixo de Controle 00733nam a2200241 a 4500
001 - NÚMERO DE CONTROLE
Campo de Controle 726
003 - IDENTIFICAÇÃO DO NÚMERO DE CONTROLE
Campo de Controle BR-CuiBMT
005 - DATA E HORA DA ÚLTIMA ATUALIZAÇÃO
Campo de Controle 20231114204821.0
008 - DADOS FIXOS
Dados Fixos 231114s2014 spba 000 0 por d
020 ## - INTERNATIONAL STANDARD BOOK NUMBER
Nº do ISBN 9788502219106
040 ## - AGÊNCIA CATALOGADORA
Código da Agência Catalogadora BR-CuiBMT
Agência que transcreveu o registro BR-CuiBMT
080 ## - Nº DA CLASSIFICAÇÃO DECIMAL UNIVERSAL
Nº edição CDU 2007
Nº Class. CDU 34:336.2
090 ## - NÚMERO DE CHAMADA
Nº classificação 34:336.2
Cutter S114m
Ano/Edição 6. ed.
100 1# - ENTRADA PRINCIPAL -- AUTOR PESSOAL
Nome pessoal Sabbag, Eduardo de Moraes
245 10 - TÍTULO PRINCIPAL
Título principal Manual de direito tributário /
Indicação de responsabilidade Eduardo Sabbag.
250 ## - EDIÇÃO
Edição 6. ed.
260 ## - PUBLICAÇÃO, DISTRIBUIÇÃO, ETC.
Local de publicação São Paulo :
Editora Saraiva,
Data 2014.
300 ## - DESCRIÇÃO FÍSICA
N. páginas ou volumes 1200 p. :
Ilustrações il. color. ;
Dimensões 24 cm
500 ## - NOTAS GERAIS
Notas gerais De acordo com a EC 75/2013 e com as mais recentes decisões do STJ e do STF.
504 ## - NOTA DE BIBLIOGRAFIA, ETC.
Nota de bibliografia Inclui bibliografia.
650 ## - ASSUNTO TÓPICO
Cabeçalho tópico ou nome geográfico Direito tributário
Subdivisão geográfica Brasil
942 ## - ELEMENTOS DE ENTRADA ADICIONAIS (KOHA)
Fonte de classificação ou esquema de arquivamento Classificação Decimal Universal
Tipo de item do Koha Livros
Holdings
Estado: removido Estado: perdido Fonte de classificação ou esquema de arquivamento Estado: danificado Indisponível para empréstimo Localização permanente Localização atual Data de aquisição Total Checkouts Número de Chamada completo Código de barras Date last seen Número do exemplar Preço efetivo a partir de Tipo de item (Koha)
    Classificação Decimal Universal     Biblioteca da Escola Superior de Contas do TCE/MT Biblioteca da Escola Superior de Contas do TCE/MT 14/11/2023   34:336.2 S114m 6. ed. BIBTCEMT23110579 14/11/2023 Ex. 1 14/11/2023 Livros

Powered by Koha